Rime
Sábháilte in:
| Príomhchruthaitheoir: | |
|---|---|
| Formáid: | LEABHAR |
| Teanga: | Iodáilis |
| Foilsithe / Cruthaithe: |
Milán
M. A. Denti
1900
|
| Sraith: | Poesía, 4
|
| Ábhair: | |
| Clibeanna: |
Cuir clib leis
Níl clibeanna ann, Bí ar an gcéad duine le clib a chur leis an taifead seo!
|
MARC
| LEADER | 00000nam a2200000 a 4500 | ||
|---|---|---|---|
| 001 | UCT4202 | ||
| 003 | CL-VaPUC | ||
| 008 | 961108e19000000IT |||||||||||||||||ita|d | ||
| 082 | 0 | 4 | |a 861 |b BEC |2 21 |
| 100 | 0 | |a Bécquer, Gustavo Adolfo |e author |9 317836 | |
| 245 | 1 | 0 | |a Rime |
| 300 | |a 265 p | ||
| 942 | |c BK | ||
| 945 | |d 19961108 00:00:00 |a rleighto | ||
| 260 | |a Milán |b M. A. Denti |c 1900 | ||
| 650 | 0 | |a Poesías españolas |9 265100 | |
| 583 | |a last modification |c 19961108 00:00:00 |k Rodrigo Vera | ||
| 490 | 0 | |a Poesía, 4 | |
| 999 | |c 253614 |d 253612 | ||
| 952 | |0 0 |1 0 |4 0 |6 861_000000000000000_BEC_1900 |7 0 |8 A |9 274563 |a BIBEDU |b BIBEDU |d 2019-11-19 |i 3249204 |o 861 BEC 1900 |p 3249204 |r 2019-11-19 |w 2019-11-19 |y BK |k LIT | ||